000
00327nam a2200145Ia 4500
008
230718s9999 xx 000 0 und d
041
_a
Eng.
082
_a
345.05
_b
TAB-A
100
_a
Tabba. Sum Ch. Sajjad
245
0
_a
Ast of Adovary
260
_a
Pakistan
_b
154 SUE
_c
2010
300
_a
306
650
_a
Law
999
_c
26530
_d
26530